Judicial intervention in court cases involving witnesses with and without learning disabilities
Purpose. This paper outlines the extent and nature of judicial interventions in court cases involving witnesses with learning disabilities and from the general population. Method. Court transcripts, mainly concerning serious sexual crime, were obtained from a total of 32 witnesses, 16 involving peop...
| Autores principales: | ; ; ; |
|---|---|
| Tipo de documento: | Electrónico Artículo |
| Lenguaje: | Inglés |
| Publicado: |
2003
|
| En: |
Legal and criminological psychology
Año: 2003, Volumen: 8, Número: 2, Páginas: 229-240 |
| Acceso en línea: |
Volltext (lizenzpflichtig) Volltext (lizenzpflichtig) |
| Verificar disponibilidad: | HBZ Gateway |
MARC
| LEADER | 00000caa a22000002c 4500 | ||
|---|---|---|---|
| 001 | 1847409407 | ||
| 003 | DE-627 | ||
| 005 | 20230616150217.0 | ||
| 007 | cr uuu---uuuuu | ||
| 008 | 230605s2003 xx |||||o 00| ||eng c | ||
| 024 | 7 | |a 10.1348/135532503322363004 |2 doi | |
| 035 | |a (DE-627)1847409407 | ||
| 035 | |a (DE-599)KXP1847409407 | ||
| 040 | |a DE-627 |b ger |c DE-627 |e rda | ||
| 041 | |a eng | ||
| 084 | |a 2,1 |2 ssgn | ||
| 100 | 1 | |a O'Kelly, Caitriona M. E. |e VerfasserIn |4 aut | |
| 245 | 1 | 0 | |a Judicial intervention in court cases involving witnesses with and without learning disabilities |
| 264 | 1 | |c 2003 | |
| 336 | |a Text |b txt |2 rdacontent | ||
| 337 | |a Computermedien |b c |2 rdamedia | ||
| 338 | |a Online-Ressource |b cr |2 rdacarrier | ||
| 520 | |a Purpose. This paper outlines the extent and nature of judicial interventions in court cases involving witnesses with learning disabilities and from the general population. Method. Court transcripts, mainly concerning serious sexual crime, were obtained from a total of 32 witnesses, 16 involving people with learning disabilities and 16 involving people from the general population. Each intervention made by a judge was documented and coded into one of three categories: interactions with witnesses, interactions with lawyers, and interactions with the jury. Results. No significant differences were found between the judicial treatment of witnesses with learning disabilities and those from the general population. In particular, judges did not intervene more frequently tosimplify lawyers' questions, call breaks, suggest methods by which a witness could reply, ask lawyers to simplify their questions, prevent oppression of the witness and move the lawyer on, and ensure the witness could understand the question. Conclusions. The implications of the findings are that judges should intervene, as they are legally entitled, to ensure that witnesses with and without learning disabilities give the most complete and accurate evidence possible. | ||
| 700 | 1 | |a Kebbell, Mark R. |e VerfasserIn |4 aut | |
| 700 | 1 | |a Hatton, Chris |e VerfasserIn |4 aut | |
| 700 | 1 | |a Johnson, Shane D. |d 1971- |e VerfasserIn |0 (DE-588)1095915177 |0 (DE-627)856484784 |0 (DE-576)189499052 |4 aut | |
| 773 | 0 | 8 | |i Enthalten in |t Legal and criminological psychology |d Hoboken, NJ [u.a.] : Wiley, 1996 |g 8(2003), 2, Seite 229-240 |h Online-Ressource |w (DE-627)320441695 |w (DE-600)2005001-X |w (DE-576)090886615 |x 2044-8333 |7 nnas |
| 773 | 1 | 8 | |g volume:8 |g year:2003 |g number:2 |g pages:229-240 |
| 856 | 4 | 0 | |u https://doi.org/10.1348/135532503322363004 |x Resolving-System |z lizenzpflichtig |3 Volltext |7 1 |
| 856 | 4 | 0 | |u https://onlinelibrary.wiley.com/doi/abs/10.1348/135532503322363004 |x Verlag |z lizenzpflichtig |3 Volltext |7 1 |
| 951 | |a AR | ||
| ELC | |a 1 | ||
| LOK | |0 000 xxxxxcx a22 zn 4500 | ||
| LOK | |0 001 4329373912 | ||
| LOK | |0 003 DE-627 | ||
| LOK | |0 004 1847409407 | ||
| LOK | |0 005 20230605135049 | ||
| LOK | |0 008 230605||||||||||||||||ger||||||| | ||
| LOK | |0 040 |a DE-2619 |c DE-627 |d DE-2619 | ||
| LOK | |0 092 |o n | ||
| LOK | |0 852 |a DE-2619 | ||
| LOK | |0 852 1 |9 00 | ||
| LOK | |0 935 |a krzo | ||
| LOK | |0 939 |a 05-06-23 |b l01 | ||
| ORI | |a SA-MARC-krimdoka001.raw | ||
